| Tag |
First Indicator |
Second Indicator |
Subfields |
| LEADER |
00000cas a2200000 a 4500 |
| 001 |
in00000078846 |
| 005 |
20151008053937.0 |
| 008 |
780217d19uu1981pauwr1p 0uuua0engm |
| 010 |
|
|
|a 79643694
|
| 012 |
|
|
|a 2
|
| 022 |
0 |
|
|a 0193-9335
|
| 035 |
|
|
|a (OCoLC)03646494
|
| 035 |
|
|
|9 AAH9141AM
|
| 037 |
|
|
|b Standard & Poor's Corporation, 300 W. Chestnut St., Ephrata, PA 17522
|
| 037 |
|
|
|c $425.00
|
| 040 |
|
|
|a DLC
|c VHB
|d DLC
|d NSD
|d DLC
|d NSD
|d NST
|d TXA
|d UtOrBLW
|
| 042 |
|
|
|a lc
|a nsdp
|
| 043 |
|
|
|a n-us---
|
| 049 |
|
|
|a TXAE
|
| 050 |
0 |
0 |
|a HG4501
|b .S7662
|
| 082 |
0 |
|
|a 332.6/05
|
| 222 |
|
0 |
|a Standard & Poor's fixed income investor
|
| 245 |
0 |
0 |
|a Standard & Poor's fixed income investor.
|
| 264 |
|
1 |
|a [Ephrata, Pa.] :
|b Standard & Poor's,
|c [19 -1981]
|
| 300 |
|
|
|a volumes ;
|c 27 cm.
|
| 310 |
|
|
|a Weekly
|
| 336 |
|
|
|a text
|b txt
|2 rdacontent
|
| 337 |
|
|
|a unmediated
|b n
|2 rdamedia
|
| 338 |
|
|
|a volume
|b nc
|2 rdacarrier
|
| 650 |
|
0 |
|a Investments
|z United States
|v Periodicals.
|
| 710 |
2 |
|
|a Standard and Poor's Corporation.
|
| 780 |
0 |
0 |
|t S & P fixed income investor
|
| 785 |
0 |
0 |
|t Standard & Poor's creditweek
|x 0731-1974
|w (OCoLC)7910037
|
| 999 |
|
|
|a MARS
|
| 999 |
f |
f |
|s 200de380-1bc3-3666-8715-f9162a01ecb7
|i 3c40d53e-c7f4-398a-9c4f-7b32a1c31128
|t 0
|
| 952 |
f |
f |
|p ric
|a Texas A&M University
|b Rellis Campus
|c Joint Library Facility
|d Remote Storage
|t 0
|e HG4501 .S7662
|h Library of Congress classification
|i unmediated -- volume
|k v.7:no.23-24,27-34
|l 1979:June 2-Aug.25
|m A14826348897
|
| 952 |
f |
f |
|p ric
|a Texas A&M University
|b Rellis Campus
|c Joint Library Facility
|d Remote Storage
|t 0
|e HG4501 .S7662
|h Library of Congress classification
|i unmediated -- volume
|l 1978:Nov.4-Dec.30
|m A14851477795
|
| 952 |
f |
f |
|p ric
|a Texas A&M University
|b Rellis Campus
|c Joint Library Facility
|d Remote Storage
|t 0
|e HG4501 .S7662
|h Library of Congress classification
|i unmediated -- volume
|l 1978:May 6-July 29
|m A14851477779
|
| 952 |
f |
f |
|p ric
|a Texas A&M University
|b Rellis Campus
|c Joint Library Facility
|d Remote Storage
|t 0
|e HG4501 .S7662
|h Library of Congress classification
|i unmediated -- volume
|k Suppl.
|l 1981:Sept.
|m A14826348295
|
| 952 |
f |
f |
|p ric
|a Texas A&M University
|b Rellis Campus
|c Joint Library Facility
|d Remote Storage
|t 0
|e HG4501 .S7662
|h Library of Congress classification
|i unmediated -- volume
|k v.7:no.14-16,18-21
|l 1979:Apr.7-21,May 5-26
|m A14851477811
|
| 952 |
f |
f |
|p ric
|a Texas A&M University
|b Rellis Campus
|c Joint Library Facility
|d Remote Storage
|t 0
|e HG4501 .S7662
|h Library of Congress classification
|i unmediated -- volume
|k v.7:no.1-13
|l 1979:Jan.6-Mar.31
|m A14851477803
|
| 952 |
f |
f |
|p ric
|a Texas A&M University
|b Rellis Campus
|c Joint Library Facility
|d Remote Storage
|t 0
|e HG4501 .S7662
|h Library of Congress classification
|i unmediated -- volume
|k v.8:no.27-52
|l 1980:July 5-Dec.27
|m A14826348774
|
| 952 |
f |
f |
|p ric
|a Texas A&M University
|b Rellis Campus
|c Joint Library Facility
|d Remote Storage
|t 0
|e HG4501 .S7662
|h Library of Congress classification
|i unmediated -- volume
|k v.9:no.1-26
|l 1981:Jan.3-June 27
|m A14826348732
|
| 952 |
f |
f |
|p ric
|a Texas A&M University
|b Rellis Campus
|c Joint Library Facility
|d Remote Storage
|t 0
|e HG4501 .S7662
|h Library of Congress classification
|i unmediated -- volume
|l 1978:Aug.5-Oct.28
|m A14851477787
|
| 952 |
f |
f |
|p ric
|a Texas A&M University
|b Rellis Campus
|c Joint Library Facility
|d Remote Storage
|t 0
|e HG4501 .S7662
|h Library of Congress classification
|i unmediated -- volume
|k v.7:no.35-52
|l 1979:Sept.1-Dec.29
|m A14826348855
|
| 952 |
f |
f |
|p ric
|a Texas A&M University
|b Rellis Campus
|c Joint Library Facility
|d Remote Storage
|t 0
|e HG4501 .S7662
|h Library of Congress classification
|i unmediated -- volume
|k v.9:no.27-43
|l 1981:July 3-Oct.24
|m A14826348570
|
| 952 |
f |
f |
|p ric
|a Texas A&M University
|b Rellis Campus
|c Joint Library Facility
|d Remote Storage
|t 0
|e HG4501 .S7662
|h Library of Congress classification
|i unmediated -- volume
|l 1978:Jan.14-Apr.29
|m A14851477761
|
| 952 |
f |
f |
|p ric
|a Texas A&M University
|b Rellis Campus
|c Joint Library Facility
|d Remote Storage
|t 0
|e HG4501 .S7662
|h Library of Congress classification
|i unmediated -- volume
|k v.8:no.1-26
|l 1980:Jan.5-June 28
|m A14826348813
|
| 998 |
f |
f |
|a HG4501 .S7662
|s v.9:no.1-43 (1981:Jan.3-Oct.24)
|t 0
|l Remote Storage
|